000 01369 a2200193 4500
001 58981
005 20260407155844.0
008 260407a1967 arg spa d
003 AR-UNSa-BCEJYS
040 _aAR-UNSa-BCEJYS
_bspa
_cAR-UNSa-BCEJYS
080 _a631.15
_xProducción de la explotación agrícola. Gestión de la explotación agrícola. Administración de la explotación agrícola
245 1 0 _aModernización de la agricultura
264 1 _aMadrid :
_bAguilar
_c1967
300 _a184 p.
_c21 cm.
505 _a1. El problema y su planteamiento – 2. Atributos de la agricultura tradicional – 3. Eficiencia de la agricultura tradicional en la aplicación de los factores – 4. La doctrina del trabajo agrícola de valor nulo – 5. Implicaciones de la teoría del precio de las corrientes de renta – 6. El precio de las corrientes de renta derivadas de la agricultura tradicional – 7. Prefacio a la rentabilidad de la inversión – 8. La magnitud de las explotaciones agrícolas, el control y los alicientes – 9. Los factores de la producción ocultados bajo el título de cambio técnico – 10. Los oferentes de factores nuevos y rentables – 11. Los agricultores como demandantes de factores nuevos – 12. Inversión en la población rural
942 _cBK
590 _aniveau_biblio:m niveau_hierar:0
100 1 _aSchultz, Theodore W.
999 _c6539
_d6539